| 000 | 00762nam a2200253 i 4500 | ||
|---|---|---|---|
| 001 | 000039939 | ||
| 003 | DO-SdBNP | ||
| 005 | 20240229074004.0 | ||
| 007 | ta | ||
| 008 | 130731s1990 dr ac 000 0 spa d | ||
| 040 |
_aDO-SdBNP _bspa _cBNPHU _erda |
||
| 082 | 4 | _222 | |
| 100 | 1 |
_a Sáez , José Luis _d1937- _eautor _9620 |
|
| 245 | 1 | 0 |
_aPeriodismo e independencia / _cJosé Luis Sáez. |
| 264 |
_aSanto Domingo : _bMSC, _c1990. |
||
| 300 |
_a143 páginas : _bilustraciones, retratos. ; _c23 cm. |
||
| 336 |
_2rdacontent _atexto _btxt |
||
| 337 |
_2rdamedia _asin mediación _bn |
||
| 338 |
_2rdacarrier _avolumen _bnc |
||
| 500 | _aIncluye índice onomástico | ||
| 504 | _aBibliografía : p. 129-131 | ||
| 590 | _aInventariado, 2024/BT | ||
| 942 |
_2ddc _cLBS1 |
||
| 999 |
_c39429 _d39429 |
||